| 000 | 00646cam a22001814a 4500 | ||
|---|---|---|---|
| 020 | _a9780387952321 | ||
| 040 |
_aDLC _cDLC _dDLC |
||
| 082 | 0 | 0 |
_a519.536 _221 |
| 100 | 1 | _aHarrell, Frank E. | |
| 245 | 1 | 0 |
_aRegression modeling strategies : with applications to linear models logistic regression and survival analysis _cFrank E. Harrell, Jr. |
| 260 |
_aNew York : _bSpringer, _cc2001. |
||
| 300 |
_axxii, 568 p. : _bill. ; _c25 cm. |
||
| 440 | 0 | _aSpringer series in statistics | |
| 504 | _aIncludes bibliographical references (p. [527]-558) and index. | ||
| 650 | 0 | _aRegression analysis. | |
| 650 | 0 | _aLinear models (Statistics) | |
| 942 |
_2ddc _cBK |
||
| 999 |
_c11397 _d11397 |
||